Statistics for Most Guessed Cities in Asia - Not Capitals

Click here to take the quiz!

General Stats

  • This quiz has been taken 24,295 times
    (16,068 since last reset)
  • The average score is 13 of 21

Answer Stats

%City% Correct
94Shanghai
95%
91Mumbai
90%
83Osaka
82%
87Hong Kong
81%
82Istanbul
75%
87Guangzhou / Shenzhen
74%
80Kolkata
74%
83Dubai
68%
83Ho Chi Minh City
68%
74Karachi
65%
75Tel Aviv / Jaffa
61%
60Mecca
56%
67Chennai
54%
65Bangalore
51%
64Lahore
50%
68Xi'an
50%
57Busan
46%
60Hyderabad (India)
42%
60Hyderabad (Pakistan)
42%
56Tianjin
37%
56Sapporo
35%

Score Distribution

Percentile by Number Answered

Percent of People with Each Score

Your Score History

You have not taken this quiz since the last reset